[Event "Sachsen-ch U12 Girls"]
[Site "Sebnitz"]
[Date "2006.04.18"]
[Round "1"]
[White "Piotraschke, Lena"]
[Black "Clausnitzer, Lisa Christin"]
[Result "1-0"]
[WhiteElo "1297"]
[BlackElo "938"]
[PlyCount "95"]
[EventDate "2006.04.18"]
[EventType "swiss"]
[EventRounds "7"]
[EventCountry "GER"]
[SourceTitle "EXT 2007"]
[Source "ChessBase"]
[SourceDate "2006.11.23"]
[SourceVersion "1"]
[SourceVersionDate "2006.11.23"]
[SourceQuality "1"]

1. e4 d5 2. exd5 Qxd5 3. d4 c6 4. Nc3 Qa5 5. Bd2 Bf5 6. Bc4 Qd8 7. Be3 e6 8. a3 Nf6 9. Nf3 Be7 10. 0-0 0-0 11. h3 h5 12. Bd3 Bxd3 13. Qxd3 Re8 14. Bf4 Bd6 15. Bxd6 Qxd6 16. Ne5 c5 17. Nf3 Nc6 18. Nb5 Qd5 19. Nc7 c4 20. Nxd5 cxd3 21. Nxf6+ gxf6 22. c3 e5 23. d5 e4 24. dxc6 exf3 25. gxf3 bxc6 26. Rfe1 Rxe1+ 27. Rxe1 Rd8 28. Rd1 d2 29. Kg2 h4 30. f4 Rd3 31. f3 Rd7 32. Kf2 Kg7 33. Ke2 Kg6 34. Rxd2 Re7+ 35. Kf2 Kf5 36. Rd4 Re8 37. Rc4 Rg8 38. Rxc6 Rg3 39. Rc5+ Kxf4 40. Rc4+ Kg5 41. Rg4+ Rxg4 42. fxg4 f5 43. gxf5 Kf4 44. c4 Ke4 45. c5 Kd5 46. b4 Kc6 47. Kf3 a6 48. Kg4 1-0

[Event "Sachsen-ch U12 Girls"]
[Site "Sebnitz"]
[Date "2005.04.01"]
[Round "7"]
[White "Schiffer, Katharina"]
[Black "Clausnitzer, Lisa Christin"]
[Result "0-1"]
[WhiteElo "902"]
[BlackElo "916"]
[PlyCount "134"]
[EventDate "2005.03.29"]
[EventType "swiss"]
[EventRounds "7"]
[EventCountry "GER"]
[SourceTitle "EXT 2007"]
[Source "ChessBase"]
[SourceDate "2006.11.23"]
[SourceVersion "1"]
[SourceVersionDate "2006.11.23"]
[SourceQuality "1"]

1. c4 e5 2. Nc3 Nf6 3. e4 Bb4 4. a3 Bxc3 5. bxc3 Nxe4 6. Qe2 Nc5 7. Qxe5+ Ne6 8. Nf3 Nc6 9. Qe2 0-0 10. g3 Re8 11. Qd1 b6 12. d3 Bb7 13. Bg2 h6 14. 0-0 d6 15. d4 Na5 16. Qa4 Bc6 17. Qb4 d5 18. Ne5 Bb7 19. c5 Nc6 20. Nxc6 Bxc6 21. cxb6 axb6 22. Bd2 Qe7 23. Qxe7 Rxe7 24. Rfe1 Rae8 25. Re2 Bb5 26. Re3 c5 27. dxc5 Nxc5 28. Rxe7 Rxe7 29. Bxd5 Re2 30. Bf4 Nd3 31. Bf3 Rc2 32. Rb1 Bd7 33. Be3 Ne5 34. Kg2 b5 35. Be4 Rxc3 36. Bd4 Rc4 37. Bxe5 Rxe4 38. Bc3 Ra4 39. Bb4 Bf5 40. Rd1 Ra8 41. Rd5 Be4+ 42. f3 Bxd5 43. h4 h5 44. Kf2 f6 45. f4 Kf7 46. Ke3 Rc8 47. Kd4 Ke6 48. Ke3 Kf5 49. Kf2 Kg4 50. Be7 Rc2+ 51. Ke3 Kxg3 52. Kd3 Ra2 53. Ke3 Rxa3+ 54. Bxa3 Kxh4 55. Bf8 g5 56. Be7 g4 57. Kf2 Kh3 58. Kg1 h4 59. Bxf6 b4 60. Be5 Kg3 61. f5+ Kf3 62. Kh2 g3+ 63. Kg1 Ke4 64. Bf6 h3 65. Bh4 b3 66. Bf6 Kf3 67. Kh1 Kf2# 0-1